000 01356nam a2200325 i 4500
001 53094
003 ES-MaACL
005 20250808011646.0
007 t|
008 031007s20011935sp h ||||1| spa d
020 _a84-8127-101-2
080 _a070:82(460)"1935"
080 _a008
245 0 0 _aTensor
_b: información literaria y orientación /
_cedición facsimilar de la revista dirigida por Ramón J. Sender ; José Domingo Dueñas Lorente, prólogo ; Marshall J. Schneider, estudio preliminar sobre "Historia de un día de la vida española".
260 _aHuesca :
_bInstituto de Estudios Altoaragoneses,
_c[2001]
300 _aLX, 229, [17] p. :
_bil. ;
_c18 cm.
490 1 _aRememoranzas ;
_v7
500 _aÍndices.
534 _pReprod. facs. de la publicación quincenal [2 n. en 1 fasc. al mes] de:
_cMadrid : Imp. Juan Pueyo, 1935.
630 0 7 _aTensor (Madrid, 1935)-
_vFacsímiles.
_9124995
650 7 _aVida intelectual
_2embne
_9159621
700 1 _aSender, Ramón J.,
_d1901-1982
_9105441
700 1 _aDueñas Lorente, José Domingo.
_945878
700 1 _aSchneider, Marshall J.
_9104570
710 2 _aInstituto de Estudios Altoaragoneses.
_94888
740 0 _aHistoria de un día de la vida española.
830 0 _aRememoranzas ;
_v7
_9230233
852 _aES-MaACL
_jL-26503
999 _c53094
_d53094